000 00406nam a22001697a 4500
005 20160615164213.0
008 160615b xxu||||| |||| 00| 0 eng d
020 _a978-014-3-06866-2
041 _aeng
082 _b7869
100 _aWitzel, Morgen
_92034
245 _aHow to be your own management guru
260 _bPenguin books
_c2010
300 _a212
650 _aManagement
_9241
942 _cBK
999 _c2840
_d2839